000 01034nmm a2200313 a 4500
001 ocm0001221722
003 TR-IsHL
005 20201028155352.0
008 110704s2006 tu tur
007 cr cn
035 _a1221722
_b(N$T)
050 0 4 _aHC491
_b.B373 2006
090 0 4 _aHC491
_b.B373 2006
245 1 0 _aBaşarılı vergi mükellefleri 2006
_h[electronic resource]
260 _aİstanbul :
_bİstanbul Ticaret Odası,
_c2006
300 _a84 p.
650 4 _aEkonomi ve Finans
650 4 _aEconomics and Finance
650 0 _aTürkiye
_xEkonomi politikası
650 0 _aTurkey
_xEconomic policy
650 0 _aTürkiye
_xEkonomik koşullar
650 0 _aTurkey
_xEconomic conditions
650 0 _aEkonomi
_xTürkiye
650 0 _aEconomics
_xTurkey
650 0 _aİhracatçılar
_x Türkiye
650 0 _aExporters
_x Turkey
650 7 _aBUSINESS & ECONOMICS / Economic Conditions
_2bisacsh
856 4 0 _uhttp://search.ebscohost.com/login.aspx?direct=true&scope=site&db=e011xww&AN=1221722
999 _c13048
_d13048